The collected essays and prose sketches /

Bibliographic Details
Main Author: Cole, Thomas, 1801-1848
Other Authors: Tymn, Marshall B., 1937-
Format: Book
Language:English
Published: St. Paul, Minn. (Box 80101, Como Station, St. Paul 55108) : J. Colet Press, ©1980.
Series:John Colet archive of American literature, 1620-1920 ; no. 7.
Subjects:

MARC

Tag First Indicator Second Indicator Subfields
LEADER 00000cam a2200000 a 4500
001 in00000092603
005 20241023120110.0
008 830420s1980 mnu b 000 0 eng
010 |a  82168546  
019 |a 6776029  |a 25447366 
029 1 |a DEBBG  |b BV010226227 
029 1 |a GBVCP  |b 114795126 
035 |a (OCoLC)ocm09555806  
035 |a (OCoLC)9555806  |z (OCoLC)6776029  |z (OCoLC)25447366 
035 |a (OCoLC)ocm09555806  
040 |a DLC  |b eng  |c DLC  |d LAS  |d BTCTA  |d OCLCG  |d CRU  |d OCLCQ  |d GBVCP  |d OCLCF  |d OCLCO  |d OCLCQ  |d RCE  |d OCL  |d OCLCA  |d OCLCO  |d OCLCL 
050 0 0 |a N7454.C64  |b A35 1980 
050 1 4 |a PS121  |b .J5 no.7 1980 
082 0 0 |a 700  |2 19 
100 1 |a Cole, Thomas,  |d 1801-1848.  |1 https://id.oclc.org/worldcat/entity/E39PBJh8TXRXRV4YqtwdxCxdQq 
240 1 0 |a Works.  |k Selections.  |f 1980 
245 1 4 |a The collected essays and prose sketches /  |c Thomas Cole ; edited by Marshall Tymn. 
260 |a St. Paul, Minn. (Box 80101, Como Station, St. Paul 55108) :  |b J. Colet Press,  |c ©1980. 
300 |a xxviii, 226 pages ;  |c 22 cm. 
336 |a text  |b txt  |2 rdacontent 
337 |a unmediated  |b n  |2 rdamedia 
338 |a volume  |b nc  |2 rdacarrier 
490 1 |a The John Colet archive of American literature, 1620-1920 ;  |v no. 7 
504 |a Includes bibliographical references (pages 219-226). 
505 0 0 |t Essay on American scenery --  |t Sicilian scenery and antiquities --  |g Sicilian scenery and antiquities : number two --  |t The late Mr. Ver Bryck --  |t A letter to critics on the art of painting --  |t On frescoes : a letter to The churchman --  |t In reply to J.C.H. : a letter to The churchman --  |t Emma Moreton, a West Indian tale --  |t The storm --  |t The bewilderment --  |t A lecture on art --  |t Thoughts & occurrences : selections from the Journal, 1834-1848 --  |g Appendix :  |t Lecture on American scenery. 
650 0 |a Art. 
650 2 |a Art 
650 6 |a Art. 
650 7 |a Art.  |2 fast  |0 (OCoLC)fst00815177 
653 0 |a Art 
655 7 |a works of art.  |2 aat 
655 7 |a Art.  |2 fast  |0 (OCoLC)fst01423702 
655 7 |a Art.  |2 lcgft 
655 7 |a Œuvres d'art.  |2 rvmgf 
700 1 |a Tymn, Marshall B.,  |d 1937-  |1 https://id.oclc.org/worldcat/entity/E39PBJd3Kmr38hQ6bdKX4xVKVC 
758 |i has work:  |a 1980 Works Selections (Text)  |1 https://id.oclc.org/worldcat/entity/E39PCGfDWJJXw3rXrk867PGtmm  |4 https://id.oclc.org/worldcat/ontology/hasWork 
830 0 |a John Colet archive of American literature, 1620-1920 ;  |v no. 7. 
938 |a Baker and Taylor  |b BTCP  |n 82168546 //r922 
948 |h HELD BY TXA - 349 OTHER HOLDINGS 
994 |a Z0  |b TXA 
999 f f |s f3251b39-571a-3de8-b2bc-12c55fc41017  |i b6a256af-6c6f-3d1e-900d-62747430757b  |t 0 
952 f f |p ric  |a Texas A&M University  |b Rellis Campus  |c Joint Library Facility  |s JLF  |d Remote Storage  |t 0  |e PS1358.C83 A16 1980  |h Library of Congress classification  |i unmediated -- volume  |m A14806189558